[Event "Toronto Scarborough CC Frost op"]
[Site "Toronto"]
[Date "2010.01.28"]
[Round "4"]
[White "Takov, Chris"]
[Black "Wu, Aaron"]
[Result "0-1"]
[WhiteElo "1734"]
[BlackElo "1990"]
[PlyCount "134"]
[EventDate "2010.01.07"]
[EventType "swiss"]
[EventRounds "6"]
[EventCountry "CAN"]
[SourceTitle "EXT 2011"]
[Source "ChessBase"]
[SourceDate "2010.11.26"]
[SourceVersion "1"]
[SourceVersionDate "2010.11.26"]
[SourceQuality "1"]

1. c4 Nf6 2. Nc3 g6 3. g3 Bg7 4. Bg2 0-0 5. Nf3 d6 6. 0-0 Nc6 7. a3 a6 8. d3 Rb8 9. h3 b6 10. Be3 Bb7 11. b4 Ng4 12. Bd2 Nge5 13. Rc1 Nxf3+ 14. Bxf3 Ne5 15. Bg2 c5 16. f4 Bxg2 17. Kxg2 Nc6 18. b5 Nd4 19. e3 Ne6 20. bxa6 Ra8 21. Qa4 Nc7 22. a7 Qc8 23. Qc6 Rxa7 24. a4 Qa8 25. Qxa8 Rfxa8 26. Rb1 Rb8 27. a5 Rxa5 28. Nb5 Ra2 29. Nxc7 Rxd2+ 30. Kf3 Rxd3 31. Nd5 Kf8 32. Nxb6 Ke8 33. Nd5 Rdb3 34. Nc7+ Kd7 35. Nb5 Rxb1 36. Rxb1 e6 37. e4 f5 38. e5 dxe5 39. Rd1+ Ke7 40. fxe5 Bxe5 41. Re1 Bg7 42. g4 Rb7 43. g5 e5 44. Kg3 e4 45. Kf4 Rd7 46. Re3 Ke6 47. Ra3 Be5+ 48. Ke3 Rd3+ 49. Rxd3 exd3 50. Kxd3 Bf4 51. h4 Bg3 52. Ke3 Bxh4 53. Kf4 Be1 54. Nc7+ Kd7 55. Nd5 Bd2+ 56. Ke5 Bxg5 57. Nb6+ Kc7 58. Nd5+ Kc6 59. Nc3 h5 60. Ne2 h4 61. Ng1 Kd7 62. Nh3 Be3 63. Kf6 Kd6 64. Kxg6 Ke5 65. Kh5 Kd4 66. Kxh4 Kxc4 67. Kg3 Kd3 0-1

[Event "Toronto Scarborough CC Frost op"]
[Site "Toronto"]
[Date "2010.01.14"]
[Round "2"]
[White "Takov, Chris"]
[Black "Ferreira, Alex"]
[Result "1-0"]
[WhiteElo "1750"]
[BlackElo "2060"]
[PlyCount "121"]
[EventDate "2010.01.07"]
[EventType "swiss"]
[EventRounds "6"]
[EventCountry "CAN"]
[SourceTitle "EXT 2022"]
[Source "ChessBase"]
[SourceDate "2021.10.06"]
[SourceVersion "1"]
[SourceVersionDate "2021.10.06"]
[SourceQuality "1"]

1. c4 d5 2. cxd5 Nf6 3. Nc3 Nxd5 4. g3 e5 5. Bg2 c6 6. Nf3 Nxc3 7. bxc3 Bd6 8. d3 0-0 9. 0-0 Be6 10. Ng5 Bd5 11. Bxd5 cxd5 12. Qb3 Be7 13. Qxb7 Nd7 14. Qxd5 Bxg5 15. Bxg5 Qxg5 16. Qxd7 Qd2 17. c4 Rfd8 18. Qg4 Rab8 19. Qf3 Rb2 20. Rfe1 Rxa2 21. Qe3 Qxe3 22. fxe3 Rxa1 23. Rxa1 Rd7 24. Ra5 f6 25. Kf2 Kf7 26. e4 Kg6 27. h4 Kh5 28. Kf3 h6 29. Rd5 Re7 30. Rd6 Rf7 31. e3 Rc7 32. Rd5 g5 33. hxg5 hxg5 34. g4+ Kg6 35. c5 a5 36. d4 a4 37. Rd6 Ra7 38. Rb6 a3 39. Rb1 a2 40. Ra1 exd4 41. exd4 Ra3+ 42. Ke2 Kf7 43. d5 Rg3 44. Kd2 Ke7 45. Kc2 Rxg4 46. Kd3 Rg3+ 47. Kc4 Re3 48. Rxa2 Rxe4+ 49. Kb5 Kd7 50. Ra7+ Kc8 51. Rf7 g4 52. Rxf6 g3 53. Rg6 Re3 54. Rg7 Kd8 55. c6 Rc3 56. d6 Ke8 57. Kb6 Kf8 58. Rg4 Ke8 59. Kc7 Rd3 60. d7+ Ke7 61. Rxg3 1-0

[Event "Toronto Scarborough CC Falling Leaves"]
[Site "Toronto"]
[Date "2009.11.05"]
[Round "1"]
[White "Takov, Chris"]
[Black "Southam, David"]
[Result "0-1"]
[WhiteElo "1792"]
[BlackElo "2163"]
[PlyCount "120"]
[EventDate "2009.11.05"]
[EventType "swiss"]
[EventRounds "7"]
[EventCountry "CAN"]
[SourceTitle "EXT 2011"]
[Source "ChessBase"]
[SourceDate "2010.11.26"]
[SourceVersion "1"]
[SourceVersionDate "2010.11.26"]
[SourceQuality "1"]

1. d4 Nf6 2. c4 c5 3. d5 b5 4. Nc3 b4 5. Na4 d6 6. b3 e5 7. f3 Be7 8. e4 0-0 9. Qc2 g6 10. Bh6 Re8 11. Ne2 Nh5 12. Qd2 Nd7 13. g4 Bh4+ 14. Kd1 Ng7 15. Ng3 Nb6 16. Nb2 a5 17. a4 Ra7 18. Rg1 f6 19. Nd3 Rf7 20. Qg2 Bg5 21. Qh3 Bd7 22. Be2 Nc8 23. f4 exf4 24. Nxf4 Qe7 25. Nd3 Nb6 26. Bxg5 fxg5 27. Kd2 Bc8 28. Rae1 Nd7 29. Qg2 Ne5 30. h3 Ref8 31. Rgf1 Ne8 32. Rxf7 Rxf7 33. Rf1 Nf6 34. Bd1 Nxd3 35. Kxd3 Qe5 36. Ne2 Bd7 37. Bc2 Be8 38. Ke3 Qb2 39. Kd2 Re7 40. Rb1 Qe5 41. Ke3 Nd7 42. Qg3 Qf6 43. Qf3 Qg7 44. Qg3 Ne5 45. Rf1 Bd7 46. Qh2 Bxg4 47. Qg3 Bxe2 48. Kxe2 h6 49. Qe3 Rf7 50. Rxf7 Qxf7 51. Bd1 Qf4 52. Kd2 Kg7 53. Be2 Kf6 54. Bd1 h5 55. Be2 Nd7 56. Kd3 Qxe3+ 57. Kxe3 Ke5 58. Bf3 Nf6 59. Bg2 g4 60. h4 Nh7 0-1

[Event "Toronto Fuster Memorial"]
[Site "Toronto"]
[Date "2002.11.30"]
[Round "7"]
[White "Siddeley, Hugh"]
[Black "Takov, Chris"]
[Result "1-0"]
[WhiteElo "1983"]
[BlackElo "1863"]
[PlyCount "119"]
[EventDate "2002.09.14"]
[EventType "tourn"]
[EventRounds "9"]
[EventCountry "CAN"]
[SourceTitle "EXT 2022"]
[Source "ChessBase"]
[SourceDate "2021.10.06"]
[SourceVersion "1"]
[SourceVersionDate "2021.10.06"]
[SourceQuality "1"]

1. e4 d6 2. d4 g6 3. Nc3 Bg7 4. f4 e5 5. dxe5 dxe5 6. Qxd8+ Kxd8 7. Bc4 f6 8. Be3 c6 9. a4 b6 10. Nf3 Nd7 11. 0-0 Kc7 12. fxe5 fxe5 13. Ng5 Bh6 14. Rf7 Bxg5 15. Bxg5 h6 16. Bh4 g5 17. Bg3 Kd8 18. Rd1 Ke8 19. Rdxd7 Bxd7 20. Bxe5 b5 21. axb5 cxb5 22. Bd5 b4 23. Bxa8 Kxf7 24. Bxh8 bxc3 25. Bd5+ Be6 26. Bxc3 Bxd5 27. exd5 Ne7 28. d6 Nf5 29. Bb4 Ke6 30. Kf2 g4 31. c4 h5 32. c5 h4 33. g3 hxg3+ 34. hxg3 Nd4 35. Bc3 Nb3 36. Bb4 Nd4 37. Ba3 Nf5 38. b4 a6 39. Bb2 Kd7 40. Bc3 Kc6 41. Be1 Nd4 42. Ke3 Nc2+ 43. Ke2 Nd4+ 44. Kd3 Nf3 45. Bc3 Ng5 46. Ke3 Ne6 47. Ke4 a5 48. Ke5 axb4 49. Bxb4 Nd8 50. Ba3 Kb5 51. Kf4 Ka4 52. Bc1 Ne6+ 53. Kxg4 Nxc5 54. Kf5 Kb5 55. Ba3 Nd7 56. Ke6 Kc6 57. g4 Nf8+ 58. Kf7 Nh7 59. Bc1 Kxd6 60. Kg7 1-0

[Event "Toronto Fuster Memorial"]
[Site "Toronto"]
[Date "2002.11.02"]
[Round "5"]
[White "Boross Harmer, Peter"]
[Black "Takov, Chris"]
[Result "1-0"]
[WhiteElo "2070"]
[BlackElo "1863"]
[PlyCount "105"]
[EventDate "2002.09.14"]
[EventType "tourn"]
[EventRounds "9"]
[EventCountry "CAN"]
[SourceTitle "EXT 2022"]
[Source "ChessBase"]
[SourceDate "2021.10.06"]
[SourceVersion "1"]
[SourceVersionDate "2021.10.06"]
[SourceQuality "1"]

1. d4 g6 2. e4 Bg7 3. c4 d6 4. Nc3 e5 5. Be3 Nc6 6. d5 Nce7 7. g4 f5 8. gxf5 gxf5 9. Qh5+ Ng6 10. exf5 Qh4 11. Qf3 N6e7 12. Nb5 Kd8 13. Bd3 Nf6 14. Nc3 Ng4 15. Bd2 Rf8 16. Nh3 Bh6 17. Rg1 Bxd2+ 18. Kxd2 h5 19. Qg3 Qf6 20. f4 Nxf5 21. Bxf5 Bxf5 22. Rae1 e4 23. Kc1 h4 24. Qg2 Qd4 25. Qe2 e3 26. Rd1 Qf6 27. Rxg4 Bxg4 28. Qxg4 Re8 29. Ng5 Rg8 30. Qxh4 b6 31. Ne6+ Ke7 32. Qxf6+ Kxf6 33. Ne4+ Ke7 34. N4g5 c6 35. dxc6 Rg6 36. Nc7 Rf8 37. Nd5+ Kd8 38. Re1 Re8 39. b4 Kc8 40. Kc2 b5 41. cxb5 Kb8 42. a4 Rh8 43. h3 Ka8 44. a5 Rd8 45. Rxe3 Rg7 46. b6 Rdg8 47. Nc7+ Kb8 48. Na6+ Ka8 49. b7+ Rxb7 50. cxb7+ Kxb7 51. b5 Rf8 52. Re7+ Ka8 53. Re8+ 1-0

[Event "Toronto Anderson Memorial"]
[Site "Toronto"]
[Date "2002.10.28"]
[Round "5"]
[White "Takov, Chris"]
[Black "Shah, Omaray M"]
[Result "0-1"]
[WhiteElo "1863"]
[BlackElo "1989"]
[PlyCount "108"]
[EventDate "2002.09.23"]
[EventType "tourn"]
[EventRounds "9"]
[EventCountry "CAN"]
[SourceTitle "EXT 2022"]
[Source "ChessBase"]
[SourceDate "2021.10.06"]
[SourceVersion "1"]
[SourceVersionDate "2021.10.06"]
[SourceQuality "1"]

1. d4 e6 2. c4 b6 3. a3 Bb7 4. Nf3 Nf6 5. Nc3 Be7 6. Bg5 0-0 7. e3 d6 8. Qc2 Nbd7 9. Bd3 Rc8 10. Rc1 c5 11. d5 exd5 12. cxd5 c4 13. Bxf6 cxd3 14. Bxe7 dxc2 15. Bxd8 Rfxd8 16. e4 Nc5 17. 0-0 Ba6 18. Nd4 Bxf1 19. Kxf1 Re8 20. f3 Nd3 21. Rxc2 Nxb2 22. Nc6 Nc4 23. Rc1 a6 24. a4 Ne5 25. Ne2 Kf8 26. Ned4 g6 27. Rb1 Nd7 28. Ke2 Kg7 29. g4 h5 30. gxh5 Rh8 31. hxg6 Rxh2+ 32. Ke3 fxg6 33. Ne6+ Kf6 34. Ned8 Rc2 35. Kd3 Ra2 36. a5 Nc5+ 37. Ke3 b5 38. Rh1 b4 39. Rh7 b3 40. f4 Rxd8 41. Nxd8 g5 42. Rf7+ Kg6 43. f5+ Kh5 44. Kf3 g4+ 45. Kg3 Nxe4+ 46. Kf4 Ng5 47. Rf8 Rf2+ 48. Ke3 Rf3+ 49. Ke2 g3 50. Ne6 b2 51. Nxg5 Rf2+ 52. Ke3 b1Q 53. Ne4 Qc1+ 54. Kd3 Rf3+ 0-1

[Event "Toronto Anderson Memorial"]
[Site "Toronto"]
[Date "2002.10.07"]
[Round "3"]
[White "Takov, Chris"]
[Black "Siddeley, Hugh"]
[Result "0-1"]
[WhiteElo "1863"]
[BlackElo "2027"]
[PlyCount "48"]
[EventDate "2002.09.23"]
[EventType "tourn"]
[EventRounds "9"]
[EventCountry "CAN"]
[SourceTitle "EXT 2022"]
[Source "ChessBase"]
[SourceDate "2021.10.06"]
[SourceVersion "1"]
[SourceVersionDate "2021.10.06"]
[SourceQuality "1"]

1. c4 Nf6 2. Nc3 Nc6 3. Nf3 e5 4. g3 Bb4 5. Bg2 0-0 6. 0-0 Re8 7. Rb1 h6 8. e3 Bxc3 9. bxc3 e4 10. Nd4 Ne5 11. Qb3 c5 12. Nb5 d6 13. f3 exf3 14. Bxf3 Nxf3+ 15. Rxf3 Bh3 16. d3 Qd7 17. e4 Qg4 18. Rf2 Nxe4 19. Be3 Nxf2 20. Kxf2 Rxe3 21. Kxe3 Re8+ 22. Kd2 Re2+ 23. Kd1 Rxh2+ 24. Kc1 Qg5+ 0-1

[Event "Toronto Simcoe Day op U2100"]
[Site "Toronto"]
[Date "2002.08.05"]
[Round "6"]
[White "Takov, Chris"]
[Black "Laughlin, Steve"]
[Result "0-1"]
[WhiteElo "1909"]
[BlackElo "2010"]
[PlyCount "50"]
[EventDate "2002.08.03"]
[EventType "swiss"]
[EventRounds "1"]
[EventCountry "CAN"]
[SourceTitle "EXT 2003"]
[Source "ChessBase"]
[SourceDate "2002.11.25"]
[SourceVersion "1"]
[SourceVersionDate "2002.11.25"]
[SourceQuality "1"]

1. c4 Nf6 2. d4 g6 3. Nc3 Bg7 4. Bg5 d6 5. g3 h6 6. Bf4 Nbd7 7. h4 e5 8. dxe5 dxe5 9. Bd2 0-0 10. Qc1 h5 11. Nf3 Re8 12. Bh6 e4 13. Bxg7 Kxg7 14. Ng5 e3 15. fxe3 Ng4 16. Nd5 c6 17. Qc3+ f6 18. Nf4 Nde5 19. Ne4 Bf5 20. Rd1 Qxd1+ 21. Kxd1 Bxe4 22. Rg1 Nxc4 23. Ng2 Rad8+ 24. Kc1 Nf2 25. b3 Rd1# 0-1

[Event "Toronto Simcoe Day op U2100"]
[Site "Toronto"]
[Date "2002.08.04"]
[Round "3"]
[White "Dutton, Warren Richard"]
[Black "Takov, Chris"]
[Result "0-1"]
[WhiteElo "1998"]
[BlackElo "1909"]
[PlyCount "74"]
[EventDate "2002.08.03"]
[EventType "swiss"]
[EventRounds "1"]
[EventCountry "CAN"]
[SourceTitle "EXT 2003"]
[Source "ChessBase"]
[SourceDate "2002.11.25"]
[SourceVersion "1"]
[SourceVersionDate "2002.11.25"]
[SourceQuality "1"]

1. e4 g6 2. f4 Bg7 3. Nf3 d6 4. Bc4 Nf6 5. Nc3 Nc6 6. Bb3 Na5 7. d4 Nxb3 8. axb3 a6 9. 0-0 0-0 10. Qe1 c6 11. Qh4 e6 12. e5 dxe5 13. fxe5 Nd5 14. Bg5 f6 15. Bh6 g5 16. Qh5 Nf4 17. Qg4 Bxh6 18. Kh1 b5 19. exf6 Qxf6 20. Ne5 Qg7 21. Rf3 c5 22. Ne2 cxd4 23. Nxf4 Rxf4 24. Rxf4 gxf4 25. Qh5 Bb7 26. Ng4 Bg5 27. h4 Bf6 28. Re1 e5 29. Qf5 Rf8 30. Qe6+ Kh8 31. Qd6 h5 32. Qxf8+ Qxf8 33. Nxe5 Bxg2+ 34. Kh2 Bxe5 35. Rxe5 f3 36. Rxh5+ Kg7 37. Rg5+ Kh6 0-1

[Event "Toronto-ch Reserves"]
[Site "Toronto"]
[Date "2002.02.04"]
[Round "9"]
[White "Bergeron, Florian"]
[Black "Takov, Chris"]
[Result "1/2-1/2"]
[WhiteElo "1954"]
[BlackElo "1900"]
[PlyCount "94"]
[EventDate "2002.01.??"]
[EventType "tourn"]
[EventRounds "11"]
[EventCountry "CAN"]
[SourceTitle "EXT 2006"]
[Source "ChessBase"]
[SourceDate "2005.11.24"]
[SourceVersion "1"]
[SourceVersionDate "2005.11.24"]
[SourceQuality "1"]

1. d4 d5 2. c4 c6 3. Nf3 Nf6 4. Bf4 Bf5 5. e3 e6 6. Nc3 Bd6 7. cxd5 Bxf4 8. dxc6 Nxc6 9. exf4 0-0 10. Be2 Qb6 11. Qd2 Ne4 12. Nxe4 Bxe4 13. 0-0 Bxf3 14. Bxf3 Qxd4 15. Rfd1 Qb6 16. Bxc6 Qxc6 17. Rac1 Qb6 18. Qc2 Rfd8 19. g3 h6 20. b3 a5 21. Qe4 Qb5 22. Qe5 Rd5 23. Rxd5 exd5 24. Rd1 Re8 25. Qd4 Re2 26. Kg2 Rxa2 27. Qxd5 Qe2 28. Qd8+ Kh7 29. Qd3+ Qxd3 30. Rxd3 Ra3 31. Re3 b5 32. Re7 Rxb3 33. Rxf7 Kg8 34. Ra7 a4 35. g4 a3 36. g5 hxg5 37. fxg5 Kh7 38. h4 b4 39. h5 Rc3 40. h6 Rc6 41. Rxg7+ Kh8 42. Ra7 Rb6 43. Ra8+ Kh7 44. Ra7+ Kg8 45. Ra8+ Kh7 46. Ra7+ Kh8 47. Ra8+ Kh7 1/2-1/2

[Event "Toronto-ch Reserves"]
[Site "Toronto"]
[Date "2002.01.28"]
[Round "7"]
[White "Deslauriers, Brian"]
[Black "Takov, Chris"]
[Result "0-1"]
[WhiteElo "1966"]
[BlackElo "1900"]
[PlyCount "88"]
[EventDate "2002.01.??"]
[EventType "tourn"]
[EventRounds "11"]
[EventCountry "CAN"]
[SourceTitle "EXT 2006"]
[Source "ChessBase"]
[SourceDate "2005.11.24"]
[SourceVersion "1"]
[SourceVersionDate "2005.11.24"]
[SourceQuality "1"]

1. c4 e5 2. g3 Nf6 3. Bg2 c6 4. d4 exd4 5. Qxd4 Bb4+ 6. Bd2 Bxd2+ 7. Nxd2 0-0 8. e3 d5 9. cxd5 Nxd5 10. Ne2 Be6 11. 0-0 Nd7 12. e4 c5 13. Qa4 N7b6 14. Qd1 Nb4 15. Nb3 Qxd1 16. Rfxd1 Na4 17. Nf4 Nxb2 18. Nxc5 Nxd1 19. Ncxe6 fxe6 20. Rxd1 e5 21. Nd5 Nc6 22. f4 g6 23. Bf1 Rad8 24. a3 Kg7 25. Rb1 b6 26. Bc4 Nd4 27. Kf2 Rc8 28. Bd3 exf4 29. gxf4 Ne6 30. Ke3 Rf7 31. h4 Rc5 32. a4 Nc7 33. Nb4 Rd7 34. Nc2 Ne6 35. Rb5 Rc3 36. Rd5 Rxd5 37. exd5 Nxf4 38. Kxf4 Rxd3 39. Ke5 Kf7 40. Kd6 a5 41. Ne1 Ra3 42. Kd7 Rxa4 43. Nf3 Rf4 44. Ng5+ Kf6 0-1

[Event "Toronto-ch Reserves"]
[Site "Toronto"]
[Date "2002.01.23"]
[Round "6"]
[White "Takov, Chris"]
[Black "Paterson, Jim"]
[Result "1-0"]
[WhiteElo "1900"]
[BlackElo "1964"]
[PlyCount "169"]
[EventDate "2002.01.??"]
[EventType "tourn"]
[EventRounds "11"]
[EventCountry "CAN"]
[SourceTitle "EXT 2006"]
[Source "ChessBase"]
[SourceDate "2005.11.24"]
[SourceVersion "1"]
[SourceVersionDate "2005.11.24"]
[SourceQuality "1"]

1. d4 Nf6 2. Nf3 e6 3. g3 c5 4. Bg2 Nc6 5. c3 d5 6. 0-0 Be7 7. Re1 0-0 8. b3 cxd4 9. cxd4 Ne4 10. a3 Qb6 11. Bb2 f5 12. e3 Bd7 13. Nbd2 Bf6 14. Rb1 Rac8 15. b4 Nd8 16. Qb3 Qa6 17. Bf1 Qa4 18. Rbc1 Nf7 19. b5 Qxb3 20. Nxb3 b6 21. a4 Nfd6 22. Nfd2 Rfd8 23. f3 Nxd2 24. Nxd2 Bg5 25. Kf2 Kf7 26. h4 Be7 27. Bd3 Nb7 28. Nb3 Bb4 29. Red1 g6 30. Na1 Na5 31. Nc2 Bc3 32. Ba3 Nc4 33. Ke2 Bb2 34. Bxb2 Nxb2 35. Rd2 Nxa4 36. Ra1 Bxb5 37. Nb4 Nc3+ 38. Ke1 a5 39. Bxb5 Nxb5 40. Nd3 Rd6 41. Rb2 Na7 42. Rab1 b5 43. Kd2 Ke7 44. Nc5 Rdc6 45. Rxb5 Nxb5 46. Rxb5 a4 47. Nxa4 Rc2+ 48. Kd3 Rg2 49. Rb7+ Kf8 50. Nc5 Rc6 51. Rxh7 Rxg3 52. Nd7+ Ke8 53. Ne5 Ra6 54. Kc3 Rg1 55. Kb4 Rb1+ 56. Kc5 Rab6 57. Rh8+ Ke7 58. Rh7+ Kd8 59. Nc6+ Ke8 60. Re7+ Kf8 61. Rxe6 R1b5+ 62. Kd6 Kg7 63. Ke5 Kh6 64. Kf4 Rb7 65. Ne7 R5b6 66. Nxf5+ Kh5 67. Nd6 Rf7+ 68. Kg3 Rd7 69. Re5+ Kh6 70. Ne8 Rd8 71. Kg4 Rc6 72. h5 gxh5+ 73. Rxh5+ Kg6 74. Rg5+ Kf7 75. Ng7 Rg8 76. Nh5 Re6 77. Rxg8 Kxg8 78. Kf4 Kf7 79. e4 Rh6 80. Kg5 dxe4 81. Kxh6 exf3 82. Kg5 Ke6 83. Kf4 Kd5 84. Ke3 f2 85. Ng3 1-0